000 00657nam a2200229Ia 4500
005 20241129104235.0
008 241129s9999||||xx |||||||||||||| ||und||
020 _a9781119429319
037 _aTextual
040 _aRTL
_beng
_cRTL
041 _aeng
_2eng
084 _aY R0
_qRTL
100 _aRitzer George; Murphy Wendy Wiedenhoft
_9725391
245 0 _aWILEY BLACKWELL companion to sociology
_cRitzer George; Murphy Wendy Wiedenhoft
250 _a2nd
260 _aUnited Kingdom
_bWiley Blackwell
_c2020
300 _axv,503p.
365 _aINR
_b17633.31
650 _aSociology
942 _cTB
_hY R0
999 _c1225024
_d1225024